000 00486nam a2200181Ia 4500
001 7729
005 20260306160516.0
008 260306t1983||||xx |||||||||||||| ||spa||
041 _aESP
082 _a355.0985
_bR75
100 _aRodríguez Beruff, Jorge
_eAUT
245 0 _aLos militares y el Poder:
_bun ensayo sobre la doctrina militar en el Perú 1948-1968
260 _c1983
300 _a264 páginas :
_c20 cm.
650 _aGEN
654 _aCHU
942 _cLIB
_dJUS
_fJUS
_2ddc
_n
999 _c7729
_d7729